This fascinating railroad business /

Bibliographic Details
Main Author: Henry, Robert Selph, 1889-1970
Format: Book
Language:English
Published: Indianapolis, New York : Bobbs-Merrill Company, [1943]
Edition:"Second edition, revised.".
Subjects:

MARC

Tag First Indicator Second Indicator Subfields
LEADER 00000cam a2200000 4500
001 in00000081537
005 20151008053009.0
008 770730s1943 inu b 00000 eng d
035 |a (OCoLC)03149596 
035 |9 AAH5786AM 
040 |a OCP  |c OCP  |d TXA  |d UtOrBLW 
049 |a TXAM  |c [117415] 
090 |a TF147  |b .H45 1943 
092 |a 385  |b H523t, 1943 
100 1 |a Henry, Robert Selph,  |d 1889-1970. 
245 1 0 |a This fascinating railroad business /  |c by Robert Selph Henry. 
250 |a "Second edition, revised.". 
264 1 |a Indianapolis,  |a New York :  |b Bobbs-Merrill Company,  |c [1943] 
300 |a 10 pages ., 15-520 pages :  |b frontispiece, illustrations, plates, diagram ;  |c 23 cm. 
336 |a text  |b txt  |2 rdacontent 
337 |a unmediated  |b n  |2 rdamedia 
338 |a volume  |b nc  |2 rdacarrier 
504 |a Bibliographical references included in "Acknowledgments" (pages 495-496). 
650 0 |a Railroads. 
650 0 |a Railroads  |z United States. 
999 |a MARS 
999 f f |s c276b324-0e3c-3353-9b75-d2090d016c60  |i c444bf85-9a67-37ec-b9f4-0fd2470dd6bb  |t 0 
952 f f |p ric  |a Texas A&M University  |b Rellis Campus  |c Joint Library Facility  |d Remote Storage  |t 0  |e TF147 .H45 1943  |h Library of Congress classification  |i unmediated -- volume  |m A14800877878 
998 f f |a TF147 .H45 1943  |t 0  |l Remote Storage